| 000 | 00827nam a2200253Ia 4500 | ||
|---|---|---|---|
| 003 | OSt | ||
| 005 | 20220716102950.0 | ||
| 008 | 210716s2011 xx 000 0 und d | ||
| 020 | _a9788132204039 | ||
| 040 | _cAIMIT LIBRARY | ||
| 041 | _aeng | ||
| 082 |
_a515.35 _21 _bHALJ |
||
| 100 |
_aHale, Jack K. _950308 |
||
| 245 |
_aIntroduction to functional differential equations: _bwith 10 illustrations / _cBy Jack K. Hale and Sjoerd M Verduyn Lunel. |
||
| 250 | _a1st ed. | ||
| 260 |
_aNew Delhi : _bSpringer , _c2011. |
||
| 300 |
_ax,447p. ; _c22 cm. |
||
| 440 | _v99 | ||
| 650 |
_aProperties of the solution map _950309 |
||
| 650 |
_aAutonomous and periodic processes _950310 |
||
| 650 |
_aNear equilibrium and periodic orbits _950311 |
||
| 700 |
_aVerduyn Lunel, Sjoerd M. _950312 |
||
| 942 |
_2ddc _cBK _e1st _k515.35 HALJ |
||
| 999 |
_c193034 _d193034 |
||